| 000 | 00519nam a22002057a 4500 | ||
|---|---|---|---|
| 005 | 20250207153659.0 | ||
| 008 | 220315b1995 xxu||||| |||| 00| 0 spa d | ||
| 020 | _a970150013X | ||
| 041 |
_aESP _aING _aFRA |
||
| 082 | _aR 370.113.03 O31f | ||
| 110 | _aOficina Internacional del Trabajo, Ginebra | ||
| 245 | _aFormación profesional | ||
| 260 | _aMéxico | ||
| 260 | _bAlfaomega | ||
| 260 | _c1995 | ||
| 300 | _a90 páginas | ||
| 650 | _aFORMACIÓN PROFESIONAL | ||
| 650 | _aDICCIONARIOS | ||
| 942 |
_cREF _2ddc |
||
| 999 |
_c13254 _d13254 |
||